00932nam a2200241 a 450000100060000000300090000600500170001500800410003202000180007304000280009104100080011908200190012711000580014624501890020426000580039330000320045150400400048365000480052365000350057165000320060670000390063885200130067724724CO-ViMGA20230915232015.0141112s2004 ck r 000 u spa d a9788498353020 aCO-ViMGAbspacCO-ViMGA aspa04a618.9261 A76n aAsociación Española de Nefrología Pediátrica.10aNefrología pediátrica : bmanual práctico / cAsociación Española de Nefrología Pediátrica ; coordinadores Montserrat Antón Gamero, Luis Miguel Rodríguez Fernández. aMadrid : bEditorial Médica PanAméricana, c2010. axii, 428 p. : il. ; 28 cm. aIncluye bilbiografías e índice.14aEnfermedades renales en lactantes y niñez14aInsuficiencia renal - niños 14aNefrología pediátrica. 1 aAntón Gamero, Montserrat, coord. 17.648.30